| 000 | 02184nam a2200385 i 4500 | ||
|---|---|---|---|
| 001 | 193992 | ||
| 003 | SpMaBN | ||
| 005 | 20250516063033.0 | ||
| 008 | 240214s2011 sp a | |||| 001 0 spa | ||
| 015 | _aMON11 | ||
| 017 |
_aM 30771-2011 _bOficina Depósito Legal Madrid |
||
| 020 | _a9788499700939 | ||
| 035 | _a(OCoLC)796302381 | ||
| 040 |
_aSpMaBN _bspa _cSpMaBN _erdc |
||
| 080 | _a32 Pérez Rubalcaba, Alfredo | ||
| 080 | _a929 Pérez Rubalcaba, Alfredo | ||
| 100 |
_aSomoano, Julio, _d1976- _0XX1658037 _9235553 _eaut |
||
| 245 | 1 | 0 |
_aRubalcaba : _bEl monje del poder / _cJulio Somoano |
| 250 | _a1ª ed. | ||
| 260 |
_aMadrid : _bLa Esfera de los Libros, _c2011 |
||
| 300 |
_a383 p., [16] p. de lám. col. y n. ; _c24 cm |
||
| 336 |
_aTexto (visual) _2isbdcontent |
||
| 337 |
_asin mediación _2isbdmedia |
||
| 338 |
_2rdacarrier _avolumen |
||
| 504 | _aBibliografía: p. [373]-374. Índice | ||
| 520 | _aÁngel y demonio. Fouché, Talleyrand y Maquiavelo. Halcón y paloma. Diplomático y fontanero, negociador y funambulista. «Continuidad y cambio», como ha dicho él. Mano de hierro, guante de seda y hábito de monje de la política. La palabra «Rubalcaba» significa un poco de todo esto y más. Mucho más. La mitad de los españoles le adora. La otra mitad le detesta. Y casi todos le temen. El monje del poder ha vivido de manera espartana en su celda del ministerio/monasterio. Duerme poco y come menos. Se alimenta de política. Alfredo Pérez Rubalcaba se ha mantenido en el círculo de confianza de todos los líderes socialistas, gracias a su dominio de la comunicación. Y también a su maestría para la intriga y la ocultación. | ||
| 600 | 0 |
_aPérez Rubalcaba, Alfredo, _d1951-2019 _2embne _9235554 |
|
| 852 |
_aES-MaACL _bR.155082 _cDEPOJ _jN-9793 _xEncuadernación rústica con solapas _hDonación: José Lázaro García _9205561 |
||
| 903 |
_9234219 _aLázaro García, José _ednr |
||
| 942 |
_cMONOGRAFIA _n0 |
||
| 999 |
_c193992 _d193992 |
||